LDR 00925naa#a2200181#i#450# 001 RU\\bibl\123791 005 20260601191411.1 011 ## _a2413-046X 100 ## _a20260527b2026####ek#y0rusy0150####ca 102 ## _aRU 200 1# _aБеспилотные аппараты в строительном контроле: экономическая эффективность, обработка данных, барьеры внедрения _eЖурнальная статья 210 1# _aМосква _cЭлектронная наука _d2026 215 ## _a9 с. 608 ## _aЖурнальная статья _2local 675 ## _aЭкономические прогнозы. Экономическая прогностика. Экономическое прогнозирование. 338.27 _z 700 #1 _aТютюкова _gАрина Николаевна 700 #1 _aАлешко _gРоман Витальевич 856 4# _ae-integral.ru _u